00885nam a2200229Ia 4500003000900000008004100009020001800050040001600068080002000084111008000104245020000184260004800384300001500432650002000447650002700467650002500494650003800519650002300557700002400580700002900604700002200633IN-BaIIA211028s9999 xx 000 0 eng d a0-521-80998-3 cIIA Library a524(082.2)bTRU aCanary Islands Winter School AstrophysicscTenerife, Spaind2000 Nov. 13-24 0aAstrophysical spectropolarimetrybproceedings of XII Canary Islands winter school astrophysics, Tenerife, Spain, Novomber 13-24, 2000cedited by J. Trujillo, F. Moreno-Insertis and F. S. Martinez aCambridgebCambridge University Pressc2002 axiv, 354p. aAccretion Disks aActive GAlactic Nuclei aPhysics Polarization aSolar and STellar MAgnetic fields aSpectropolarimetry aMartinez, F.S., ed. aMoreno-Insertis, F., ed. aTrujillo, J., ed.